[Event "GBR-ch89"]
[Site "Torquay"]
[Date "2002.08.09"]
[Round "11"]
[White "Webb, Laurence"]
[Black "Mordue, A Tyson"]
[Result "1-0"]
[WhiteElo "2262"]
[BlackElo "2270"]
[PlyCount "69"]
[EventDate "2002.07.29"]
[EventType "swiss"]
[EventRounds "11"]
[EventCountry "GBR"]
[SourceTitle "BritBase"]
[Source "John Saunders"]
[SourceDate "2008.07.14"]
[SourceVersion "1"]
[SourceVersionDate "2008.07.14"]
[SourceQuality "2"]

1. e4 c5 2. Nf3 d6 3. Bb5+ Bd7 4. Bxd7+ Qxd7 5. c4 Nc6 6. d4 cxd4 7. Nxd4 g6 8.
Nc3 Bg7 9. Be3 Nh6 10. f3 f5 11. Qd2 Nf7 12. O-O f4 13. Bf2 g5 14. Rad1 O-O 15.
Nf5 Be5 16. c5 Rad8 17. Qe2 Bxc3 18. bxc3 Qe6 19. Qb2 d5 20. Qxb7 dxe4 21. Qxc6
Qxf5 22. Qxe4 Qxe4 23. fxe4 h6 24. c6 Rc8 25. Rd7 Rxc6 26. Rxe7 Rxc3 27. Rxa7
Rc2 28. a4 Rb8 29. a5 Rbb2 30. a6 g4 31. Ra8+ Kh7 32. Rf8 g3 33. Rxf7+ Kg6 34.
Rxf4 gxf2+ 35. R4xf2 1-0

[Event "GBR-ch89"]
[Site "Torquay"]
[Date "2002.08.09"]
[Round "11"]
[White "Wohl, Aleksandar"]
[Black "Barua, Dibyendu"]
[Result "0-1"]
[WhiteElo "2419"]
[BlackElo "2542"]
[PlyCount "72"]
[EventDate "2002.07.29"]
[EventType "swiss"]
[EventRounds "11"]
[EventCountry "GBR"]
[SourceTitle "BritBase"]
[Source "John Saunders"]
[SourceDate "2008.07.14"]
[SourceVersion "1"]
[SourceVersionDate "2008.07.14"]
[SourceQuality "2"]

1. e4 e6 2. d4 d5 3. Nc3 Nf6 4. Bg5 dxe4 5. Nxe4 Be7 6. Bxf6 gxf6 7. Nf3 a6 8.
Bd3 f5 9. Ng3 c5 10. O-O h5 11. c3 h4 12. Ne2 b6 13. Nf4 Bb7 14. Re1 Qd6 15.
Ne5 Nd7 16. Qe2 Nxe5 17. dxe5 Qc6 18. f3 b5 19. c4 b4 20. a3 O-O-O 21. axb4
cxb4 22. c5 Bxc5+ 23. Kh1 h3 24. Bxa6 hxg2+ 25. Nxg2 Rh3 26. Bxb7+ Kxb7 27.
Red1 Rdh8 28. Ne1 Rxh2+ 29. Qxh2 Rxh2+ 30. Kxh2 Qe8 31. Nd3 Qh8+ 32. Kg2 Qg7+
33. Kh1 Qh6+ 34. Kg2 Qg5+ 35. Kh1 Bb6 36. Rac1 Qg3 0-1

[Event "GBR-ch89 Major Open"]
[Site "Torquay"]
[Date "2002.07.29"]
[Round "1"]
[White "Jones, Chris"]
[Black "Parr, David"]
[Result "0-1"]
[WhiteElo "2173"]
[BlackElo "2037"]
[PlyCount "84"]
[EventDate "2002.07.29"]
[EventType "swiss"]
[EventRounds "11"]
[EventCountry "GBR"]

1. e4 d5 2. exd5 Qxd5 3. Nc3 Qd6 4. d4 Nf6 5. Nf3 c6 6. Be2 Bg4 7. h3 Bxf3 8.
Bxf3 e6 9. O-O Nbd7 10. Be3 Be7 11. Qd2 O-O 12. Rfe1 Rad8 13. Bf4 Qb4 14. Bc7
Nb6 15. Bxd8 Rxd8 16. Qc1 Rxd4 17. Ne2 Rd7 18. c3 Qh4 19. Qf4 Qxf4 20. Nxf4 Nc4
21. b3 Nd2 22. Rad1 Nxf3+ 23. gxf3 Kf8 24. Rxd7 Nxd7 25. Nd3 Ke8 26. f4 g6 27.
Ne5 Nf6 28. Re3 Nh5 29. Rf3 Bd6 30. Nd3 Ke7 31. c4 Kf6 32. c5 Bc7 33. Ne5 Kg7
34. Nc4 Kf6 35. Nd6 Ke7 36. Nxb7 Nxf4 37. Nd6 e5 38. b4 Bxd6 39. cxd6+ Kxd6 40.
Ra3 f6 41. Rxa7 Nxh3+ 42. Kf1 Nxf2 0-1

[Event "GBR-ch89 Major Open"]
[Site "Torquay"]
[Date "2002.07.29"]
[Round "1"]
[White "Plant, Paul R"]
[Black "Ledger, Stephen C"]
[Result "0-1"]
[WhiteElo "2015"]
[BlackElo "2187"]
[PlyCount "56"]
[EventDate "2002.07.29"]
[EventType "swiss"]
[EventRounds "11"]
[EventCountry "GBR"]

1. d4 Nf6 2. g3 c5 3. Bg2 cxd4 4. Nf3 e5 5. O-O Nc6 6. c3 d5 7. cxd4 e4 8. Ne5
Bd6 9. Bf4 O-O 10. f3 Qc7 11. Nxc6 Bxf4 12. gxf4 exf3 13. Ne5 fxg2 14. Kxg2 Ng4
15. Nxg4 Bxg4 16. Nc3 Rfe8 17. Qd3 Qd7 18. Kf2 Rac8 19. Rae1 Bf5 20. Qb5 Qd6
21. e3 Qh6 22. Kg1 Qg6+ 23. Kh1 a6 24. Qxd5 Rxc3 25. e4 Be6 26. f5 Bxd5 27.
fxg6 Rxe4 28. gxf7+ Kf8 0-1

[Event "GBR-ch89 Major Open"]
[Site "Torquay"]
[Date "2002.07.29"]
[Round "1"]
[White "Poobalasingam, Peter S"]
[Black "Taylor, Martin R"]
[Result "0-1"]
[WhiteElo "2030"]
[BlackElo "2255"]
[PlyCount "80"]
[EventDate "2002.07.29"]
[EventType "swiss"]
[EventRounds "11"]
[EventCountry "GBR"]

1. d4 d5 2. Nf3 Nf6 3. g3 e6 4. Bg2 Be7 5. O-O O-O 6. c4 Nbd7 7. b3 b6 8. Nc3
Bb7 9. Bf4 a6 10. Rc1 Rc8 11. Ne5 c6 12. Bf3 Nxe5 13. Bxe5 Nd7 14. Bf4 Re8 15.
e4 Ba3 16. Rb1 Bb4 17. Qc2 c5 18. dxc5 Bxc3 19. exd5 exd5 20. Qxc3 d4 21. Qd3
Nxc5 22. Qd1 Ne4 23. Qd3 Nc5 24. Qd1 Ne4 25. Qd3 Qf6 26. Rbe1 Nc5 27. Qd1 Bxf3
28. Qxf3 Ne6 29. Rd1 g5 30. Qg4 h5 31. Qxh5 gxf4 32. Qg4+ Qg7 33. Qxg7+ Kxg7
34. gxf4 Nxf4 35. Kh1 Ne6 36. f4 f5 37. Rd3 Kf6 38. Rh3 Rh8 39. Rd3 Rh4 40.
Rdf3 Rch8 0-1

[Event "GBR-ch89 Major Open"]
[Site "Torquay"]
[Date "2002.07.30"]
[Round "2"]
[White "Dunn, Andrew M"]
[Black "Simons, Martin J"]
[Result "1-0"]
[WhiteElo "2094"]
[BlackElo "2258"]
[PlyCount "99"]
[EventDate "2002.07.29"]
[EventType "swiss"]
[EventRounds "11"]
[EventCountry "GBR"]

1. d4 Nf6 2. Nf3 d6 3. Nc3 Bg4 4. e4 Nbd7 5. Be3 e6 6. Bd3 Be7 7. Qd2 a6 8. a4
Rc8 9. Ng1 e5 10. d5 c6 11. h3 Bh5 12. Nge2 cxd5 13. exd5 Qa5 14. g4 Bg6 15. f4
e4 16. Nxe4 Qxd2+ 17. Nxd2 Bxd3 18. cxd3 Nxd5 19. Kf2 O-O 20. Rhc1 Nb4 21. Ra3
Rxc1 22. Nxc1 d5 23. Rc3 Nc6 24. Ncb3 Bf6 25. d4 Re8 26. Nf3 Nb6 27. Nc5 Na5
28. b3 Rc8 29. Bd2 Nc6 30. Nxb7 Nxd4 31. Rxc8+ Nxc8 32. Nxd4 Bxd4+ 33. Be3 Bc3
34. Nc5 a5 35. Ke2 Ne7 36. Kd3 Ba1 37. Bd2 Nc6 38. Nb7 f5 39. Nxa5 fxg4 40.
hxg4 Nd4 41. b4 Kf7 42. b5 Ne6 43. Nb3 Bf6 44. b6 Bd8 45. a5 Ke7 46. f5 Nf8 47.
Bb4+ Kf7 48. Bxf8 Kxf8 49. Kd4 Ke7 50. Kxd5 1-0

[Event "GBR-ch89 Major Open"]
[Site "Torquay"]
[Date "2002.07.30"]
[Round "2"]
[White "French, Angus J"]
[Black "Jones, Chris"]
[Result "0-1"]
[WhiteElo "2090"]
[BlackElo "2173"]
[PlyCount "60"]
[EventDate "2002.07.29"]
[EventType "swiss"]
[EventRounds "11"]
[EventCountry "GBR"]

1. e4 e6 2. d4 d5 3. Nc3 Be7 4. e5 c5 5. Nf3 Nc6 6. Bb5 cxd4 7. Qxd4 Bd7 8. Qg4
g6 9. O-O h5 10. Qg3 Nh6 11. Bxh6 Rxh6 12. Qf4 g5 13. Qe3 Rh8 14. Bd3 a6 15. a3
Rc8 16. Ne2 Qc7 17. Nxg5 Qxe5 18. Qxe5 Nxe5 19. Nf3 Nxd3 20. cxd3 Rc2 21. Nc3
Rxb2 22. Rfb1 Rxb1+ 23. Rxb1 b5 24. a4 b4 25. Na2 a5 26. Rc1 Bd6 27. Nd4 Ke7
28. Nc6+ Bxc6 29. Rxc6 b3 30. Nc3 Kd7 0-1

[Event "GBR-ch89 Major Open"]
[Site "Torquay"]
[Date "2002.07.30"]
[Round "2"]
[White "Garnett, John S"]
[Black "Lunn, Timothy"]
[Result "1-0"]
[WhiteElo "2076"]
[BlackElo "2146"]
[PlyCount "81"]
[EventDate "2002.07.29"]
[EventType "swiss"]
[EventRounds "11"]
[EventCountry "GBR"]

1. c4 c5 2. g3 g6 3. Bg2 Bg7 4. Nc3 Nc6 5. a3 Nf6 6. Rb1 O-O 7. b4 cxb4 8. axb4
Ng4 9. Nf3 Nge5 10. Nxe5 Nxe5 11. Qb3 d6 12. O-O Rb8 13. d3 Bd7 14. Be3 a6 15.
Nd5 e6 16. Bb6 Qe8 17. Nc3 Qc8 18. Ne4 d5 19. cxd5 exd5 20. Qxd5 Be6 21. Qc5
Nd7 22. Qxc8 Rfxc8 23. Ba7 Ra8 24. Be3 Rc2 25. Nc5 Nxc5 26. bxc5 Rxe2 27. Bxb7
Re8 28. Bxa6 Bd5 29. d4 R8xe3 30. Bxe2 Rxe2 31. Rfe1 Rd2 32. Red1 Re2 33. Rb8+
Bf8 34. Rd8 Bf3 35. Rc1 Re6 36. d5 Re2 37. c6 Kg7 38. c7 Bg4 39. c8=Q Bxc8 40.
Rcxc8 Be7 41. Re8 1-0

[Event "GBR-ch89 Major Open"]
[Site "Torquay"]
[Date "2002.07.30"]
[Round "2"]
[White "Mycroft, Richard"]
[Black "Williams, Samuel G"]
[Result "1-0"]
[WhiteElo "2053"]
[BlackElo "2141"]
[PlyCount "57"]
[EventDate "2002.07.29"]
[EventType "swiss"]
[EventRounds "11"]
[EventCountry "GBR"]

1. Nf3 d6 2. g3 e5 3. d3 f5 4. e4 Nf6 5. Nc3 Be7 6. Bg2 O-O 7. Nh4 fxe4 8. dxe4
Nc6 9. O-O Nd4 10. Nf3 Nxe4 11. Nxe4 Bg4 12. Ned2 e4 13. Nxd4 Bxd1 14. Rxd1 Qd7
15. Nxe4 d5 16. Nc3 c6 17. Nce2 c5 18. Ne6 d4 19. Nxf8 Rxf8 20. Nf4 Qf5 21. Re1
Bd6 22. Be4 Qf6 23. Nh3 h6 24. Bf4 Bxf4 25. Nxf4 g5 26. Bd5+ Kh7 27. Re6 Qd8
28. Be4+ Kg7 29. Rg6+ 1-0

[Event "GBR-ch89 Major Open"]
[Site "Torquay"]
[Date "2002.07.30"]
[Round "2"]
[White "Taylor, Martin R"]
[Black "Barton, R Alan"]
[Result "1-0"]
[WhiteElo "2255"]
[BlackElo "2093"]
[PlyCount "119"]
[EventDate "2002.07.29"]
[EventType "swiss"]
[EventRounds "11"]
[EventCountry "GBR"]

1. c4 c6 2. g3 d6 3. Bg2 e5 4. Nc3 Be7 5. e4 f5 6. d3 Nf6 7. Nge2 O-O 8. O-O
Kh8 9. h3 Na6 10. Be3 Qe8 11. exf5 Bxf5 12. g4 Bg6 13. f4 exf4 14. Nxf4 Bf7 15.
Qd2 Qd7 16. Rae1 Nc7 17. Bd4 d5 18. cxd5 Nfxd5 19. Ncxd5 Nxd5 20. Nxd5 Bxd5 21.
Bxd5 cxd5 22. Qe3 Bh4 23. Rxf8+ Rxf8 24. Rf1 Re8 25. Qf4 Qe7 26. Qf7 Qxf7 27.
Rxf7 Bf6 28. Bxf6 gxf6 29. Kf2 d4 30. Rxf6 Kg7 31. Rf4 Rc8 32. Rxd4 Rc2+ 33.
Kg3 Rxb2 34. a4 a5 35. Rd7+ Kg8 36. Kh4 b5 37. axb5 Rxb5 38. Rd8+ Kg7 39. Rd7+
Kg6 40. d4 Rb4 41. Rd6+ Kg7 42. Kg5 a4 43. d5 Rb7 44. Ra6 Rd7 45. d6 Kf7 46.
Kf5 Rb7 47. Rxa4 Rb5+ 48. Kf4 Ke6 49. Rd4 Kd7 50. g5 Rb3 51. h4 Rh3 52. Kg4 Re3
53. Kh5 Re6 54. Rd1 Re4 55. Ra1 Kxd6 56. Ra7 Ke6 57. Rxh7 Ra4 58. Kg6 Ra6 59.
Rf7 Ra5 60. Rf6+ 1-0

[Event "GBR-ch89 Major Open"]
[Site "Torquay"]
[Date "2002.07.31"]
[Round "3"]
[White "Bennet, William"]
[Black "Almond, Philip"]
[Result "0-1"]
[WhiteElo "2045"]
[BlackElo "2125"]
[PlyCount "63"]
[EventDate "2002.07.29"]
[EventType "swiss"]
[EventRounds "11"]
[EventCountry "GBR"]

1. d4 d5 2. c4 Nc6 3. Nc3 dxc4 4. d5 Ne5 5. Qd4 Ng6 6. e4 e5 7. Qxc4 Bd6 8. Nf3
N8e7 9. h4 c6 10. h5 Nf8 11. h6 g6 12. Bg5 Qc7 13. Bf6 Rg8 14. Rd1 b5 15. Qb3
b4 16. Nb1 cxd5 17. Ng5 Rb8 18. Bxe7 Bxe7 19. Nxf7 Kxf7 20. exd5 Bd6 21. Nd2
Nd7 22. Ne4 Nf6 23. Qf3 Qe7 24. Ng5+ Ke8 25. Ne6 Bxe6 26. dxe6 e4 27. Qb3 Qc7
28. g4 Ke7 29. g5 Ng4 30. Qd5 e3 31. fxe3 Nxe3 32. Qd4 0-1

[Event "GBR-ch89 Major Open"]
[Site "Torquay"]
[Date "2002.07.31"]
[Round "3"]
[White "Hebbes, Tim"]
[Black "Walton, Alan J"]
[Result "1-0"]
[WhiteElo "2097"]
[BlackElo "2157"]
[PlyCount "54"]
[EventDate "2002.07.29"]
[EventType "swiss"]
[EventRounds "11"]
[EventCountry "GBR"]

1. d4 e6 2. Nf3 f5 3. c4 Nf6 4. Nc3 Be7 5. Qc2 O-O 6. Bf4 b6 7. e3 Bb7 8. Bd3
c5 9. d5 Nh5 10. Bxb8 Rxb8 11. g4 Nf6 12. gxf5 exd5 13. cxd5 a6 14. e4 b5 15.
Rd1 Qe8 16. Be2 Bd6 17. Nd2 Qe5 18. a4 b4 19. Nc4 Qf4 20. Nxd6 bxc3 21. Nxb7
Nxe4 22. Bxa6 Rfe8 23. Kf1 Nd2+ 24. Rxd2 cxd2 25. Be2 Rxe2 26. Kxe2 Re8+ 27.
Kd3 Qd4# 1-0

[Event "GBR-ch89 Major Open"]
[Site "Torquay"]
[Date "2002.07.31"]
[Round "3"]
[White "Lutton, J Ezra"]
[Black "Taylor, Martin R"]
[Result "0-1"]
[WhiteElo "2093"]
[BlackElo "2255"]
[PlyCount "72"]
[EventDate "2002.07.29"]
[EventType "swiss"]
[EventRounds "11"]
[EventCountry "GBR"]

1. Nc3 e5 2. e4 Nc6 3. Bc4 Nf6 4. d3 Bb4 5. Bg5 h6 6. Bxf6 Bxc3+ 7. bxc3 Qxf6
8. Ne2 d6 9. O-O g5 10. d4 Ne7 11. Rb1 Ng6 12. Kh1 h5 13. Ng3 Nf4 14. Nf5 d5
15. dxe5 Qxe5 16. Bb3 O-O 17. Qd4 Qxd4 18. cxd4 dxe4 19. Ng3 Kg7 20. Nxe4 Kg6
21. g3 Ne2 22. Rbd1 Bf5 23. f3 Rad8 24. d5 Rfe8 25. d6 Rxe4 26. Bxf7+ Kg7 27.
Bxh5 Rc4 28. Rde1 Rxc2 29. dxc7 Rdd2 30. Rf2 Nxg3+ 31. hxg3 Rxf2 32. Bg4 Rh2+
33. Kg1 Rcg2+ 34. Kf1 Bd3+ 35. Re2 Bxe2+ 36. Ke1 Ba6 0-1

[Event "GBR-ch89 Major Open"]
[Site "Torquay"]
[Date "2002.07.31"]
[Round "3"]
[White "Plant, Paul R"]
[Black "Prokopchuk, Evgeny"]
[Result "0-1"]
[WhiteElo "2015"]
[BlackElo "2514"]
[PlyCount "90"]
[EventDate "2002.07.29"]
[EventType "swiss"]
[EventRounds "11"]
[EventCountry "GBR"]

1. d4 Nf6 2. c4 d6 3. g3 e5 4. Bg2 c6 5. Nc3 Nbd7 6. e4 exd4 7. Qxd4 Be7 8. Nf3
O-O 9. O-O Re8 10. Re1 Bf8 11. a3 Nc5 12. Rb1 Nb3 13. Qd1 Nxc1 14. Rxc1 g6 15.
b4 Ng4 16. h3 Ne5 17. Nxe5 dxe5 18. Qc2 Be6 19. Red1 Qc8 20. c5 Bxh3 21. Bxh3
Qxh3 22. Na4 h5 23. Rd3 Qg4 24. Qc4 Rad8 25. Rcd1 Qxd1+ 26. Rxd1 Rxd1+ 27. Kg2
Red8 28. Nb2 R1d2 29. Qb3 Re2 30. Nc4 Rxe4 31. f3 Red4 32. Nxe5 Rd2+ 33. Kh3
R2d4 34. f4 Bg7 35. Nc4 Rd3 36. Qa2 R8d4 37. Qc2 Bf8 38. Ne5 Rd1 39. Qb3 Rd5
40. Qc2 Bg7 41. Nc4 h4 42. Qe2 hxg3 43. Kxg3 R1d3+ 44. Kg2 Kh7 45. Qe7 Rc3 0-1

[Event "GBR-ch89 Major Open"]
[Site "Torquay"]
[Date "2002.07.31"]
[Round "3"]
[White "Sharp, Thomas M"]
[Black "Lunn, Timothy"]
[Result "1-0"]
[WhiteElo "2031"]
[BlackElo "2146"]
[PlyCount "83"]
[EventDate "2002.07.29"]
[EventType "swiss"]
[EventRounds "11"]
[EventCountry "GBR"]

1. d4 Nf6 2. Nf3 g6 3. Bg5 Bg7 4. e3 O-O 5. Bd3 d5 6. Ne5 Nfd7 7. Nxd7 Nxd7 8.
f4 c5 9. c3 b6 10. O-O Nf6 11. Nd2 Bb7 12. Qf3 Qd6 13. Rae1 a5 14. g4 Ba6 15.
Bxa6 Rxa6 16. Kf2 Nd7 17. Rh1 f6 18. Bh4 e5 19. f5 cxd4 20. cxd4 e4 21. Qe2 Ra7
22. Qb5 Rc8 23. Bg3 Qc6 24. Qxc6 Rxc6 25. Rc1 Rxc1 26. Rxc1 Kf7 27. fxg6+ hxg6
28. Rc6 Bf8 29. Ke2 Rb7 30. Nb1 f5 31. g5 Be7 32. h4 Nb8 33. Bxb8 Rxb8 34. Nc3
Rh8 35. Nxd5 Rxh4 36. Rc7 Ke6 37. Nxe7 Rh7 38. Rc6+ Kd7 39. Rxg6 Rh2+ 40. Kd1
Rxb2 41. Nxf5 b5 42. Ra6 1-0

[Event "GBR-ch89 Major Open"]
[Site "Torquay"]
[Date "2002.07.31"]
[Round "3"]
[White "Sugden, John N"]
[Black "Haldane, Robin W"]
[Result "0-1"]
[WhiteElo "2195"]
[BlackElo "2098"]
[PlyCount "60"]
[EventDate "2002.07.29"]
[EventType "swiss"]
[EventRounds "11"]
[EventCountry "GBR"]

1. d4 d5 2. c4 e6 3. Nc3 c5 4. cxd5 cxd4 5. Qxd4 Nc6 6. Qd1 exd5 7. Qxd5 Bd7 8.
e3 Nf6 9. Qd1 Bc5 10. Nf3 Qe7 11. a3 O-O-O 12. Qc2 Kb8 13. Be2 g5 14. b4 g4 15.
bxc5 gxf3 16. gxf3 Qxc5 17. Qb2 Na5 18. Rb1 Rc8 19. Bd2 Rhe8 20. Nb5 Qb6 21.
Qe5+ Ka8 22. Nc3 Nb3 23. Bd1 Qa5 24. Qxa5 Nxa5 25. Ne4 Nc4 26. Nxf6 Nxd2 27.
Rb4 Bh3 28. Ke2 Bg2 29. Rg1 Bxf3+ 30. Ke1 Rc1 0-1

[Event "GBR-ch89 Major Open"]
[Site "Torquay"]
[Date "2002.07.31"]
[Round "3"]
[White "Williams, Samuel G"]
[Black "Grigoryan, Meri"]
[Result "1-0"]
[WhiteElo "2141"]
[BlackElo "2032"]
[PlyCount "32"]
[EventDate "2002.07.29"]
[EventType "swiss"]
[EventRounds "11"]
[EventCountry "GBR"]

1. e4 c6 2. d4 d5 3. exd5 cxd5 4. c4 Nf6 5. Nc3 e6 6. Nf3 g6 7. Bg5 dxc4 8.
Bxc4 Bg7 9. O-O Qc7 10. Nb5 Qc6 11. d5 exd5 12. Re1+ Be6 13. Nfd4 Qd7 14. Nxe6
fxe6 15. Rxe6+ Kf7 16. Rd6 Qf5 1-0

[Event "GBR-ch89 Major Open"]
[Site "Torquay"]
[Date "2002.08.01"]
[Round "4"]
[White "Cox, Tristan"]
[Black "Barton, R Alan"]
[Result "0-1"]
[WhiteElo "2097"]
[BlackElo "2093"]
[PlyCount "82"]
[EventDate "2002.07.29"]
[EventType "swiss"]
[EventRounds "11"]
[EventCountry "GBR"]

1. e4 d5 2. exd5 Qxd5 3. Nc3 Qa5 4. d4 c6 5. Nf3 Nf6 6. Bd2 Bf5 7. Ne4 Qc7 8.
Nxf6+ gxf6 9. g3 e6 10. Bg2 Bg4 11. O-O Nd7 12. Re1 O-O-O 13. Qe2 h5 14. h3
Bxf3 15. Qxf3 h4 16. Bf4 Bd6 17. Bxd6 Qxd6 18. Qa3 Qxa3 19. bxa3 Nb6 20. c3 f5
21. Rab1 Rdg8 22. Re3 Rg7 23. Kh2 Rhg8 24. Bh1 Nc4 25. Rd3 hxg3+ 26. Rxg3 Nxa3
27. Rbg1 Rg6 28. Bf3 Kd7 29. h4 Ke7 30. h5 Rxg3 31. fxg3 Kf6 32. Rc1 Nc4 33.
Be2 Nd6 34. Rb1 b5 35. Bf3 Rc8 36. Kg2 Kg5 37. Kf2 Ne4+ 38. Bxe4 fxe4 39. Ke3
f5 40. a4 a6 41. axb5 axb5 0-1

[Event "GBR-ch89 Major Open"]
[Site "Torquay"]
[Date "2002.08.01"]
[Round "4"]
[White "Dunn, Andrew M"]
[Black "Greet, Andrew"]
[Result "0-1"]
[WhiteElo "2094"]
[BlackElo "2243"]
[PlyCount "48"]
[EventDate "2002.07.29"]
[EventType "swiss"]
[EventRounds "11"]
[EventCountry "GBR"]

1. d4 Nf6 2. Nf3 b5 3. e3 a6 4. Bd3 e6 5. O-O Bb7 6. b3 c5 7. Nbd2 Nc6 8. Bb2
cxd4 9. exd4 Nb4 10. Be2 Nbd5 11. c4 bxc4 12. bxc4 Nf4 13. d5 exd5 14. Rb1 Bc6
15. Re1 Be7 16. g3 Ne6 17. Ne5 O-O 18. Bf3 Rc8 19. Qe2 Qa5 20. cxd5 Bxd5 21.
Bxd5 Qxd5 22. Ndf3 Qxa2 23. Qd3 d6 24. Ra1 Qxb2 0-1

[Event "GBR-ch89 Major Open"]
[Site "Torquay"]
[Date "2002.08.01"]
[Round "4"]
[White "Ledger, Stephen C"]
[Black "Garnett, John S"]
[Result "1-0"]
[WhiteElo "2187"]
[BlackElo "2076"]
[PlyCount "95"]
[EventDate "2002.07.29"]
[EventType "swiss"]
[EventRounds "11"]
[EventCountry "GBR"]

1. d4 Nf6 2. Nf3 g6 3. Bf4 Bg7 4. e3 d5 5. h3 O-O 6. Nbd2 c5 7. c3 cxd4 8. exd4
Nc6 9. Bd3 Bd7 10. O-O Qb6 11. Qb3 Qxb3 12. axb3 a6 13. Rfe1 e6 14. b4 Na7 15.
Nb3 Bc6 16. Na5 Nd7 17. Ra2 Rfe8 18. Ne5 Nxe5 19. dxe5 Rac8 20. Be3 Nb5 21.
Nxc6 Rxc6 22. f4 Nc7 23. Bd4 Rc8 24. Kf2 Bf8 25. Rea1 Be7 26. Ke3 Kg7 27. Ra5
f6 28. b5 axb5 29. Bxb5 Nxb5 30. Rxb5 R6c7 31. Ra7 Rb8 32. g4 f5 33. g5 Rd7 34.
b4 Kf7 35. Bc5 Bxc5+ 36. bxc5 Rc7 37. Kd4 Ke8 38. Rb6 Kd7 39. Rd6+ Ke7 40. Rb6
Kd7 41. h4 Ke7 42. c6 Kd8 43. Raxb7 Ra8 44. Rb8+ Rc8 45. Rxa8 Rxa8 46. Kc5 Kc7
47. Rb7+ Kc8 48. Kd6 1-0

[Event "GBR-ch89 Major Open"]
[Site "Torquay"]
[Date "2002.08.02"]
[Round "5"]
[White "Barton, R Alan"]
[Black "Jackson, Oliver"]
[Result "0-1"]
[WhiteElo "2093"]
[BlackElo "2226"]
[PlyCount "58"]
[EventDate "2002.07.29"]
[EventType "swiss"]
[EventRounds "11"]
[EventCountry "GBR"]

1. d4 Nf6 2. Nf3 c5 3. c3 e6 4. Bg5 Be7 5. Nbd2 O-O 6. e3 cxd4 7. cxd4 Nc6 8.
a3 b6 9. Bd3 Bb7 10. O-O Nd5 11. Bxe7 Qxe7 12. Rc1 f5 13. Ne5 Rf6 14. Re1 Rh6
15. Nf1 Rf8 16. Nxc6 Bxc6 17. f4 g5 18. g3 gxf4 19. e4 Qg7 20. Rxc6 fxg3 21.
hxg3 Qxd4+ 22. Kg2 fxe4 23. Rc2 exd3 24. Rd2 Nc3 25. Qb3 Ne4 26. Qxd3 Rf2+ 27.
Kg1 Rxf1+ 28. Kxf1 Nxd2+ 29. Ke2 Rh2+ 0-1

[Event "GBR-ch89 Major Open"]
[Site "Torquay"]
[Date "2002.08.02"]
[Round "5"]
[White "Cannon, Richard J"]
[Black "Van Kemenade, Rudy"]
[Result "0-1"]
[WhiteElo "2057"]
[BlackElo "2141"]
[PlyCount "70"]
[EventDate "2002.07.29"]
[EventType "swiss"]
[EventRounds "11"]
[EventCountry "GBR"]

1. e4 e5 2. Nf3 Nf6 3. Nxe5 d6 4. Nf3 Nxe4 5. d4 d5 6. Bd3 Nc6 7. c3 Bg4 8.
Nbd2 f5 9. O-O Be7 10. Qb3 Qd6 11. Bb5 O-O 12. Bxc6 bxc6 13. Ne5 Be2 14. Re1
Rab8 15. Qc2 Ba6 16. f3 Bh4 17. fxe4 Bxe1 18. exf5 Bxd2 19. Bxd2 c5 20. Re1
cxd4 21. cxd4 Qb6 22. Nd7 Qxd4+ 23. Be3 Qb4 24. Qc1 Rxf5 25. Nxb8 Qxb8 26. Qc6
Bd3 27. Qe6+ Kh8 28. Bc5 h6 29. Qd7 Qxb2 30. Qxc7 Be4 31. Qg3 Rg5 32. Rxe4 Rxg3
33. Re8+ Kh7 34. hxg3 Qc1+ 35. Kh2 Qxc5 0-1

[Event "GBR-ch89 Major Open"]
[Site "Torquay"]
[Date "2002.08.02"]
[Round "5"]
[White "Cooley, Oliver"]
[Black "Prokopchuk, Evgeny"]
[Result "0-1"]
[WhiteElo "2096"]
[BlackElo "2514"]
[PlyCount "52"]
[EventDate "2002.07.29"]
[EventType "swiss"]
[EventRounds "11"]
[EventCountry "GBR"]

1. d4 Nf6 2. Bg5 Ne4 3. Bf4 d5 4. f3 Nf6 5. e4 e6 6. e5 Nfd7 7. Be3 c5 8. c3
Qa5 9. Qd2 b6 10. f4 Ba6 11. Nf3 Nc6 12. g4 cxd4 13. Bxd4 h5 14. Bh3 hxg4 15.
Bxg4 Nc5 16. b4 Nxb4 17. cxb4 Nd3+ 18. Kd1 Bxb4 19. Bc3 Rc8 20. Bxb4 Qa4+ 21.
Ke2 Rc2 22. Ke3 Rxd2 23. Nbxd2 Qxb4 24. Nd4 Nxe5 25. Rac1 Nxg4+ 26. Kf3 Qxd4
0-1

[Event "GBR-ch89 Major Open"]
[Site "Torquay"]
[Date "2002.08.02"]
[Round "5"]
[White "Greet, Andrew"]
[Black "Longson, Alex"]
[Result "1-0"]
[WhiteElo "2243"]
[BlackElo "2169"]
[PlyCount "117"]
[EventDate "2002.07.29"]
[EventType "swiss"]
[EventRounds "11"]
[EventCountry "GBR"]

1. Nf3 d6 2. d4 Nf6 3. c4 Nbd7 4. Nc3 e5 5. e3 g6 6. Be2 Bg7 7. O-O O-O 8. b4
Re8 9. Qc2 e4 10. Nd2 Qe7 11. a4 Nf8 12. Nd5 Nxd5 13. cxd5 Bf5 14. Bb2 h5 15.
a5 h4 16. a6 b6 17. h3 Rac8 18. Rfc1 Qd7 19. Qa4 Qxa4 20. Rxa4 Bd7 21. b5 Bf6
22. Nb1 Bd8 23. Nc3 Nh7 24. Na2 Nf6 25. Nb4 Kg7 26. Ra2 Ng8 27. Ba3 Ne7 28.
Rac2 Kg8 29. Kf1 Kg7 30. Ke1 Kg8 31. Kf1 Kg7 32. Kg1 Kg8 33. Bb2 Kg7 34. Kh1
Kg8 35. Kh2 Kg7 36. Bf1 Kg8 37. Bc4 Kg7 38. Bc3 Kg8 39. Be1 Kg7 40. Na2 Nf5 41.
Nc3 Bg5 42. Be2 Nh6 43. Na2 Bd8 44. Bb4 Ra8 45. Rxc7 Bxc7 46. Rxc7 Red8 47.
Bxd6 Nf5 48. Bb4 Rac8 49. Rxa7 Rc2 50. Nc3 Rb2 51. Rb7 Rxb4 52. a7 Ra8 53. Rxd7
Rb3 54. Nxe4 Rb2 55. Bg4 Rxb5 56. Bxf5 gxf5 57. Nd6 Ra5 58. Nxf5+ Kf8 59. Rb7
1-0

[Event "GBR-ch89 Major Open"]
[Site "Torquay"]
[Date "2002.08.02"]
[Round "5"]
[White "Jones, Chris"]
[Black "Taylor, Martin R"]
[Result "0-1"]
[WhiteElo "2173"]
[BlackElo "2255"]
[PlyCount "80"]
[EventDate "2002.07.29"]
[EventType "swiss"]
[EventRounds "11"]
[EventCountry "GBR"]

1. e4 e5 2. Bc4 Nc6 3. Nf3 Bc5 4. c3 Nf6 5. d4 exd4 6. cxd4 Bb4+ 7. Nc3 Nxe4 8.
O-O Bxc3 9. d5 Bf6 10. Re1 Ne7 11. Rxe4 d6 12. Bg5 Bxg5 13. Nxg5 O-O 14. Nxh7
Bf5 15. Rxe7 Qxe7 16. Nxf8 Rxf8 17. Qd2 Qe4 18. Bb5 a6 19. Re1 Qc2 20. Qxc2
Bxc2 21. Bd7 Rd8 22. Bg4 Kf8 23. f4 c5 24. dxc6 bxc6 25. Bf3 c5 26. Rc1 Bf5 27.
Rc3 Rb8 28. b3 Rb4 29. Rc4 Bb1 30. Rxb4 cxb4 31. Bc6 Bxa2 32. Ba4 d5 33. Kf2 d4
34. Ke2 Bb1 35. Bc6 f5 36. g3 Be4 37. Bd7 Ke7 38. Bc8 a5 39. Kd2 a4 40. bxa4 b3
0-1

[Event "GBR-ch89 Major Open"]
[Site "Torquay"]
[Date "2002.08.02"]
[Round "5"]
[White "Khoo, Teresa"]
[Black "Bennet, William"]
[Result "1-0"]
[WhiteElo "2122"]
[BlackElo "2045"]
[PlyCount "69"]
[EventDate "2002.07.29"]
[EventType "swiss"]
[EventRounds "11"]
[EventCountry "GBR"]

1. e4 c5 2. Nf3 Nc6 3. c3 d5 4. exd5 Qxd5 5. d4 Bg4 6. Be2 e6 7. h3 Bf5 8. Be3
cxd4 9. cxd4 Bxb1 10. Qxb1 Bb4+ 11. Kf1 Nge7 12. Bd3 Rd8 13. Kg1 Ba5 14. Be4
Qd6 15. Qc2 Bb6 16. Rd1 Nd5 17. Bg5 f6 18. Bd2 f5 19. Bxd5 Qxd5 20. Bg5 Rd7 21.
Kh2 O-O 22. Rhe1 Nxd4 23. Nxd4 Bxd4 24. Be3 e5 25. f4 Qxa2 26. Kh1 Qa5 27. fxe5
Bxe5 28. Qc4+ Kh8 29. Rxd7 Qxe1+ 30. Bg1 Qe4 31. Qc5 Rg8 32. Re7 Bd4 33. Bxd4
Qe1+ 34. Kh2 h6 35. Rxg7 1-0